[Event "SVK-chT2D 0607"]
[Site "Slovakia"]
[Date "2006.11.25"]
[Round "3.1"]
[White "Starzecova, Gabriela"]
[Black "Ducay, Miroslav"]
[Result "1/2-1/2"]
[WhiteElo "1441"]
[BlackElo "1963"]
[PlyCount "85"]
[EventDate "2006.10.14"]
[EventType "team-tourn"]
[EventRounds "11"]
[EventCountry "SVK"]
[SourceTitle "EXT 2008"]
[Source "ChessBase"]
[SourceDate "2007.11.25"]
[SourceVersion "1"]
[SourceVersionDate "2007.11.25"]
[SourceQuality "1"]
[WhiteTeam "Margecany OSK II"]
[BlackTeam "Presov PSK"]
[WhiteTeamCountry "SVK"]
[BlackTeamCountry "SVK"]

1. e4 e5 2. Nf3 Nc6 3. Nc3 Nf6 4. Bb5 d6 5. d4 exd4 6. Nxd4 Bd7 7. Nxc6 bxc6 8. Bd3 Be7 9. 0-0 0-0 10. Bf4 Bg4 11. Be2 Qd7 12. Re1 Rab8 13. Bxg4 Qxg4 14. Qxg4 Nxg4 15. h3 Ne5 16. Bxe5 dxe5 17. b3 Bb4 18. Re3 Rfd8 19. Rd1 Rd4 20. Rdd3 Rbd8 21. Ne2 R4d6 22. Kf1 f6 23. Ng3 g6 24. Ke2 Kf7 25. Nf1 Ke6 26. Nd2 Bxd2 27. Kxd2 f5 28. f3 f4 29. Re1 Kf6 30. Rd1 Kg5 31. Kc3 Kh4 32. Kc4 h5 33. b4 Kg3 34. R1d2 g5 35. Kc5 Rxd3 36. cxd3 Rd6 37. a4 g4 38. fxg4 hxg4 39. hxg4 Kxg4 40. b5 cxb5 41. axb5 f3 42. gxf3+ Kxf3 43. Ra2 1/2-1/2